=LDR 00000nam 2200000 4500 =001 INLIS000000000029179 =005 20200420094837 =035 ##$$a 0010-061300000029179 =008 200420################g##########0#ind## =041 ##$$a Ind =082 ##$$a 297 =090 ##$$a 2x3.55, Far t =100 1#$$a Farid, Ahmad =245 1#$$a Taubat dalam dosa /$c Ahmad Farid ; penerjemah, Nasri =260 ##$$a Jakarta :$b Amzah,$c 2006 =300 ##$$a xx, 289 hlm ; $c 18 x 12 cm =650 #4$$a Islam-Dosa =850 ##$$a NBPNMAT =020 ##$$a 979-9392-57-8 =084 ##$$a 297 FAR t =990 ##$$a 20900586 =990 ##$$a 20800085 =990 ##$$a 20800087 =990 ##$$a 20900587 =990 ##$$a 20900588 =990 ##$$a 20900585 =990 ##$$a 40601184